000 00444nam a2200193Ia 4500
008 210210b1932 xxu||||| |||| 00| 0 eng d
041 _aeng
082 _a829/1149
100 _aTROLLOPE (A)
245 _aLast chronicles of barset I
260 _aLondon
_bOxford University Press
_c1932
650 _aof
650 _aLast
650 _aI
650 _achronicles
650 _abarset
690 _aEnglish Fiction
906 _a017761
999 _c137745
_d137745